| 000 | 00468nam a2200181Ia 4500 | ||
|---|---|---|---|
| 001 | 18687 | ||
| 005 | 20260306171649.0 | ||
| 008 | 260306s9999||||xx |||||||||||||| ||und|| | ||
| 041 | _aESP | ||
| 082 |
_a658.5 _bA41S |
||
| 100 |
_aAlfaro Saiz, Juan José _eAUT |
||
| 245 | 0 | _aSistemas de medición del rendimiento para la cadena de suministro | |
| 260 | _c2008 | ||
| 300 |
_a128 páginas : _c23 cm. |
||
| 650 | _aGEN | ||
| 654 | _aCHU | ||
| 942 |
_cLIB _dJUS _fJUS _2ddc _n |
||
| 999 |
_c18687 _d18687 |
||